100 câu hỏi về pháp luật nuôi con nuôi có yếu tố nước ngoài

Αποθηκεύτηκε σε:
Λεπτομέρειες βιβλιογραφικής εγγραφής
Κύριος συγγραφέας: Nguyễn, Công Khanh
Μορφή: Βιβλίο
Γλώσσα:Undetermined
Έκδοση: Hà Nội Tư pháp 2004
Θέματα:
Ετικέτες: Προσθήκη ετικέτας
Δεν υπάρχουν, Καταχωρήστε ετικέτα πρώτοι!
Thư viện lưu trữ: Trung tâm Học liệu Trường Đại học Cần Thơ
LEADER 00583nam a2200193Ia 4500
001 CTU_74634
008 210402s9999 xx 000 0 und d
020 |b 29000 
082 |a 346.0178 
082 |b Kh107 
100 |a Nguyễn, Công Khanh 
245 0 |a 100 câu hỏi về pháp luật nuôi con nuôi có yếu tố nước ngoài 
245 0 |c Nguyễn Công Khanh 
260 |a Hà Nội 
260 |b Tư pháp 
260 |c 2004 
650 |a Parent and child 
904 |i Tuyến 
980 |a Trung tâm Học liệu Trường Đại học Cần Thơ